Homestuck Characters Who Died - Sudden Death - Statistics

General Stats
  • This quiz has been taken 104 times
    49 since last reset
  • The average score is 10 of 32
Answers on the Grid
Answers color-coded by a green-red scale on the quiz's grid according to % correct below.
Karkat
Dad Egbert
John
Fefetasprite
Ms. Paint
Tavros
Aradia
Jade
Serenity
Feferi
Dad Crocker
Terezi
Davepetasprite^2
Latula
Tavrisprite
Itchy
Jack Noir
Kanaya
Mom Lalonde
Erisolsprite
Jasprosesprite^2
Meenah
Biscuits
Rose
Vriska
Bec Noir
Meenah
Snowman
Latula
Nepeta
Dave
Eridan
Sollux
Porrim
Becquerel
Gamzee
Aranea
Parcel Mistress
Bro
Equius
 
Answer Stats
Answer % Correct
Dad Egbert
76%
John
67%
Aradia
57%
Tavros
52%
Jade
48%
Vriska
48%
Sollux
43%
Karkat
38%
Feferi
33%
Mom Lalonde
33%
Nepeta
33%
Bro
29%
Eridan
29%
Latula
29%
Latula
29%
Meenah
29%
Porrim
29%
Aranea
24%
Dave
24%
Equius
24%
Fefetasprite
24%
Kanaya
24%
Meenah
24%
Rose
24%
Snowman
24%
Tavrisprite
24%
Terezi
24%
Jack Noir
19%
Becquerel
14%
Biscuits
14%
Itchy
10%
Davepetasprite^2
5%
No matching quizzes found
Score Distribution
Percent of People with Each Score
Percentile by Number Answered
Your Score History
You have not taken this quiz since the last reset